| 000 | 00519nam a22001697a 4500 | ||
|---|---|---|---|
| 999 |
_c8605 _d8605 |
||
| 008 | 201208b ||||| |||| 00| 0 eng d | ||
| 040 | _aBMS College of Architecture | ||
| 100 | _aSushma, B S | ||
| 245 | _aCenter for trauma care | ||
| 300 | _a36p. | ||
| 500 | _a1BM12AT014 | ||
| 502 |
_8B,Arch _NBMS College of Architecture Visvesvaraya Technological University (VTU) _aProject report _d2016 |
||
| 650 | _aSite and Site Analysis | ||
| 700 |
_aRiju C Thomas _eGuide |
||
| 700 |
_aRadhika Kak _eGuide |
||
| 942 |
_2ddc _cTHE |
||